000 00466nam a2200181Ia 4500
003 GCL
008 140319s9999 xx 000 0 eng d
040 _aGCL /
_cGCL
082 0 4 _a371.102
_bW I
100 1 _aWRAGG, E.C.
245 1 0 _aAN INTRODUCTION TO CLASSROOM OBSERVATION /
_cWRAGG, E.C.
260 _a[S.N] :
_bROUTLEDGE ،
_c1994
300 _a136 PP
650 0 4 _aEDUCATION
650 0 4 _aOBSERVATIONS
650 0 4 _aEDUCATION - METHODS
942 _2ddc
_cBK
999 _c18600
_d18600